| 000 | 00962nam a2200217 a 4500 | ||
|---|---|---|---|
| 008 | 120416s1987 ||||||||||||||||| || u | ||
| 020 | _a9982010018 | ||
| 050 | _aKG 3631 Ndu | ||
| 100 | _aNdulo, Muna | ||
| 245 | 1 | 0 | _aMining rights in Zambia |
| 260 |
_aLusaka _bKenneth Kaunda Foundation _c1987 |
||
| 300 | _axxviii, 276p. | ||
| 350 | _a0.00 | ||
| 650 | _aMINING | ||
| 650 | _aMINERAL RIGHTS--ZAMBIA | ||
| 650 | _aMINES AND MINERAL RESOURCES--ZAMBIA | ||
| 650 | _aMINING LAW--ZAMBIA | ||
| 995 |
_aSPECIAL COLLECTIONS _e744815 _FCBU-MAIN LIBRARY (Kitwe) _I0.00 _jKG 3631 Ndu _M3 _UAVAILABLE _WJun 9, 2014 _y744815 _ZZambiana Collection |
||
| 995 |
_aSPECIAL COLLECTIONS _D0.00 _e722721 _FCBU-MAIN LIBRARY (Kitwe) _H1 _I48.20 _jZAM KG 3631 NDU _M2 _UAVAILABLE _y024135 _ZZambiana Collection |
||
| 995 |
_aMAIN LIBRARY OPEN ACCESS _D12000.00 _e740399 _FCBU-MAIN LIBRARY (Kitwe) _H1 _I12000.00 _jKG 3631 NDU _M1 _UAVAILABLE _WFeb 26, 2010 _y740399 _ZMain Library Open Access Collection |
||
| 999 |
_c77685 _d77685 |
||